| 000 -LEADER |
| fixed length control field |
01581cam a2200229 a 4500 |
| 020 ## - INTERNATIONAL STANDARD BOOK NUMBER |
| ISBN |
9780312366339 |
| 020 ## - INTERNATIONAL STANDARD BOOK NUMBER |
| ISBN |
0312366337 |
| 040 ## - CATALOGING SOURCE |
| Transcribing agency |
DLC |
| 082 00 - DEWEY DECIMAL CLASSIFICATION NUMBER |
| Classification number |
796 MAR 2007 A085 Or. |
| -- |
B |
| 100 1# - MAIN ENTRY--AUTHOR NAME |
| Personal name |
Ortiz, David, |
| 245 10 - TITLE STATEMENT |
| Title |
Big Papi : |
| Remainder of title |
my story of big dreams and big hits / |
| 250 ## - EDITION STATEMENT |
| Edition statement |
1st ed. |
| 260 ## - PUBLICATION, DISTRIBUTION, ETC. (IMPRINT) |
| Place of publication |
New York : |
| Name of publisher |
St. Martin's Press, |
| Year of publication |
2007. |
| 300 ## - PHYSICAL DESCRIPTION |
| Number of Pages |
xxiii, 258 p., [8] p. of plates : |
| Other physical details |
col. ill. ; |
| Dimensions |
25 cm. |
| 520 ## - SUMMARY, ETC. |
| Summary, etc |
Ortiz is a hero to many. Raised in the Dominican Republic, signed by the Seattle Mariners, and released by the Minnesota Twins, David Ortiz landed in baseball-crazy Boston. Generally regarded as an underachiever up to that point in his career, Ortiz blossomed into one of the most feared and adored sluggers in baseball while altering the course of the game's history by helping Boston win its first World Series in eighty-six years, breaking the infamous "Curse of the Bambino." Along the way, Ortiz established his place as a truly Ruthian figure in the annals of our national pastime: an imposing figure in the batter's box, yet an endearing man to the young, particularly in his native Dominican Republic, where he has focused his charitable efforts on improving the health of children.--From publisher description. |
| 650 #0 - SUBJECT ADDED ENTRY--TOPICAL TERM |
| Topical Term |
Baseball players |
| 700 1# - ADDED ENTRY--PERSONAL NAME |
| Personal name |
Massarotti, Tony. |
| 856 42 - ELECTRONIC LOCATION AND ACCESS |
| Uniform Resource Identifier |
http://www.loc.gov/catdir/enhancements/fy0714/2007010172-b.html |
| 856 42 - ELECTRONIC LOCATION AND ACCESS |
| Uniform Resource Identifier |
http://www.loc.gov/catdir/enhancements/fy0714/2007010172-d.html |
| 856 41 - ELECTRONIC LOCATION AND ACCESS |
| Uniform Resource Identifier |
http://www.loc.gov/catdir/enhancements/fy0714/2007010172-s.html |
| 942 ## - ADDED ENTRY ELEMENTS (KOHA) |
| Koha item type |
សៀវភៅភាសាអង់គ្លេស |
| 952 ## - LOCATION AND ITEM INFORMATION (KOHA) |
| Withdrawn status [LOCAL, KOHA] |
0 |